ARRUPE JESUIT UNIVERSITY

CORONAVIRUS -STOP THE SPREAD - CLEAN,DISINFECT,COVER

The road back, (Record no. 119491)

MARC details
000 -LEADER
fixed length control field 00908mam a2200289 4500
001 - CONTROL NUMBER
control field 2005673
003 - CONTROL NUMBER IDENTIFIER
control field ARRUPE
005 - DATE AND TIME OF LATEST TRANSACTION
control field 20131220174313.0
008 - FIXED-LENGTH DATA ELEMENTS--GENERAL INFORMATION
fixed length control field 740606s1931 mau 000 1 eng
010 ## - LIBRARY OF CONGRESS CONTROL NUMBER
LC control number 31011921
035 ## - SYSTEM CONTROL NUMBER
System control number (OCoLC)ocm00909194
035 ## - SYSTEM CONTROL NUMBER
System control number (NNC)2005673
040 ## - CATALOGING SOURCE
Original cataloging agency DLC
Transcribing agency PCJ
Modifying agency SER
-- TJC
-- OCL
-- LRU
-- SER
041 1# - LANGUAGE CODE
Language code of text/sound track or separate title eng
Language code of original and/or intermediate translations of text ger
050 0# - LIBRARY OF CONGRESS CALL NUMBER
Classification number PZ3.R2818
Item number Ro
082 00 - DEWEY DECIMAL CLASSIFICATION NUMBER
Classification number 833.91
300 ## - PHYSICAL DESCRIPTION
Dimensions 20 cm.
100 1# - MAIN ENTRY--PERSONAL NAME
Personal name Remarque, Erich Maria,
Dates associated with a name 1898-1970.
9 (RLIN) 6480
240 00 - UNIFORM TITLE
Uniform title <a href="Weg zurück.">Weg zurück.</a>
Language of a work English
245 14 - TITLE STATEMENT
Title The road back,
Statement of responsibility, etc translated from the German by A.W. Wheen.
260 ## - PUBLICATION, DISTRIBUTION, ETC. (IMPRINT)
Place of publication, distribution, etc Boston,
Name of publisher, distributor, etc Little, Brown, and Company,
Date of publication, distribution, etc 1931.
300 ## - PHYSICAL DESCRIPTION
Extent 3 p. †., 3-343, [1] p.
500 ## - GENERAL NOTE
General note Translation of Der Weg zurück.
650 #0 - SUBJECT ADDED ENTRY--TOPICAL TERM
Topical term or geographic name as entry element World War, 1914-1918
Form subdivision Fiction.
9 (RLIN) 6481
700 1# - ADDED ENTRY--PERSONAL NAME
Personal name Wheen, A. W.
Fuller form of name (Arthur Wesley),
Dates associated with a name 1897-1971,
Relator term translator.
9 (RLIN) 6482
942 ## - ADDED ENTRY ELEMENTS (KOHA)
Source of classification or shelving scheme Library of Congress Classification
Koha item type Monograph ( Printed materials)
Holdings
Withdrawn status Lost status Source of classification or shelving scheme Damaged status Not for loan Home library Current library Date acquired Total Checkouts Full call number Barcode Date last seen Price effective from Koha item type
    Library of Congress Classification     ARRUPE LIBRARY ARRUPE LIBRARY 20/12/2013   PZ3.R2818 R6 464122878 02/07/2019 20/12/2013 Monograph ( Printed materials)

 

Arrupe Library. PO Box MP320 Mt Pleasant, Harare, Zimbabwe
263 242 745411|librarian@aju.ac.zw